<?xml version="1.0" encoding="UTF-8"?>
<record
    xmlns:xsi="http://www.w3.org/2001/XMLSchema-instance"
    xsi:schemaLocation="http://www.loc.gov/MARC21/slim http://www.loc.gov/standards/marcxml/schema/MARC21slim.xsd"
    xmlns="http://www.loc.gov/MARC21/slim">

  <leader>01691nam a22003017a 4500</leader>
  <controlfield tag="003">DO-SdBNP</controlfield>
  <controlfield tag="005">20240322203027.0</controlfield>
  <controlfield tag="007">ta</controlfield>
  <controlfield tag="008">210621b  2021 dr  00| 0 eng d</controlfield>
  <datafield tag="040" ind1=" " ind2=" ">
    <subfield code="a">DO-SdBNP</subfield>
    <subfield code="b">spa</subfield>
    <subfield code="c">BNPHU </subfield>
  </datafield>
  <datafield tag="082" ind1=" " ind2="4">
    <subfield code="a">630.97293</subfield>
    <subfield code="b">S211n</subfield>
    <subfield code="2">22</subfield>
  </datafield>
  <datafield tag="100" ind1="1" ind2=" ">
    <subfield code="a">S&#xE1;nchez Roa, Adriano,</subfield>
    <subfield code="d">1956-</subfield>
    <subfield code="9">78919</subfield>
  </datafield>
  <datafield tag="245" ind1="1" ind2="0">
    <subfield code="a">La nueva agricultura /</subfield>
    <subfield code="c">Adriano S&#xE1;nchez Roa ; pr&#xF3;logo Hip&#xF3;lito Mej&#xED;a Dom&#xED;nguez.</subfield>
  </datafield>
  <datafield tag="260" ind1=" " ind2=" ">
    <subfield code="a">Santo Domingo :</subfield>
    <subfield code="b">Corripio, </subfield>
    <subfield code="c">2021.</subfield>
  </datafield>
  <datafield tag="300" ind1=" " ind2=" ">
    <subfield code="a">375 p. :</subfield>
    <subfield code="b">il.,gr&#xE1;fcs., mapas, retrs. ;</subfield>
    <subfield code="c">23 cm. </subfield>
  </datafield>
  <datafield tag="500" ind1=" " ind2=" ">
    <subfield code="a">Incluye datos biogr&#xE1;ficos del autor en las solapas</subfield>
  </datafield>
  <datafield tag="500" ind1=" " ind2=" ">
    <subfield code="a">Incluye &#xED;ndice </subfield>
  </datafield>
  <datafield tag="500" ind1=" " ind2=" ">
    <subfield code="a">Incluye referencias bibliogr&#xE1;ficas y notas al pie de las p&#xE1;ginas</subfield>
  </datafield>
  <datafield tag="504" ind1=" " ind2=" ">
    <subfield code="a">Bibliograf&#xED;a : p. 370-375</subfield>
  </datafield>
  <datafield tag="505" ind1="0" ind2=" ">
    <subfield code="a">Plan producci&#xF3;n agroalimentaria para reducir la pobreza ( PAREP)--</subfield>
    <subfield code="t">Metas concretas --</subfield>
    <subfield code="t">Sustentados en  los avances, recuperar el &#xE9;xito del pasado --</subfield>
    <subfield code="t">El despojo, la concentraci&#xF3;n de la tierra y la base para reforma agraria --</subfield>
    <subfield code="t">Surgimiento de la reforma agraria  --</subfield>
    <subfield code="t">La legislaci&#xF3;n agraria &#x201C;72 &#x201D;, --</subfield>
    <subfield code="t">El abandono del programa agrario y la consentraci&#xF3;n  de la tierra --</subfield>
    <subfield code="t">Balance: 58 a&#xF1;os de reforma agraria --</subfield>
    <subfield code="t">&#xBF;Qu&#xE9; hacer ahora en la reforma agraria? --</subfield>
    <subfield code="t">Propuesta de ley general del sector agropecuario y el desarrollo rural .</subfield>
  </datafield>
  <datafield tag="590" ind1=" " ind2=" ">
    <subfield code="a">Inventariado, 2021 /LP

</subfield>
  </datafield>
  <datafield tag="590" ind1=" " ind2=" ">
    <subfield code="a">La biblioteca posee 1 ejemplar autografiado por el autor. </subfield>
  </datafield>
  <datafield tag="650" ind1=" " ind2="4">
    <subfield code="a">Agricultura </subfield>
    <subfield code="z">Rep&#xFA;blica Dominicana</subfield>
    <subfield code="9">1568</subfield>
  </datafield>
  <datafield tag="650" ind1=" " ind2="4">
    <subfield code="a">Agricultura</subfield>
    <subfield code="x">Innovaciones tecnol&#xF3;gicas</subfield>
    <subfield code="z">Rep&#xFA;blica Dominicana</subfield>
    <subfield code="9">82534</subfield>
  </datafield>
  <datafield tag="700" ind1="1" ind2=" ">
    <subfield code="a">Mej&#xED;a, Hip&#xF3;lito,</subfield>
    <subfield code="d">1941-</subfield>
    <subfield code="e">pr&#xF3;l.</subfield>
    <subfield code="9">78920</subfield>
  </datafield>
  <datafield tag="910" ind1=" " ind2=" ">
    <subfield code="a">Lop&#xE9;rez/Validado. Control de calidad MFF</subfield>
  </datafield>
  <datafield tag="942" ind1=" " ind2=" ">
    <subfield code="2">ddc</subfield>
    <subfield code="c">LBS1</subfield>
  </datafield>
  <datafield tag="952" ind1=" " ind2=" ">
    <subfield code="0">0</subfield>
    <subfield code="1">0</subfield>
    <subfield code="2">ddc</subfield>
    <subfield code="5">1</subfield>
    <subfield code="7">0</subfield>
    <subfield code="8">PD</subfield>
    <subfield code="a">BNPHU</subfield>
    <subfield code="b">BNPHU</subfield>
    <subfield code="c">HD</subfield>
    <subfield code="d">2021-06-21</subfield>
    <subfield code="e">Dep&#xF3;sito Legal </subfield>
    <subfield code="o">BNPHU PD 630.97293 S211n</subfield>
    <subfield code="p">2021-2147</subfield>
    <subfield code="r">2021-06-21</subfield>
    <subfield code="w">2021-06-21</subfield>
    <subfield code="y">LBS1</subfield>
  </datafield>
  <datafield tag="952" ind1=" " ind2=" ">
    <subfield code="0">0</subfield>
    <subfield code="1">0</subfield>
    <subfield code="2">ddc</subfield>
    <subfield code="5">1</subfield>
    <subfield code="7">0</subfield>
    <subfield code="8">PD</subfield>
    <subfield code="a">BNPHU</subfield>
    <subfield code="b">BNPHU</subfield>
    <subfield code="c">HD</subfield>
    <subfield code="d">2021-11-04</subfield>
    <subfield code="e">Dep&#xF3;sito Legal </subfield>
    <subfield code="o">BNPHU PD 630.97293 S211n</subfield>
    <subfield code="p">2021-27814</subfield>
    <subfield code="r">2021-11-04</subfield>
    <subfield code="t">e.2</subfield>
    <subfield code="w">2021-11-04</subfield>
    <subfield code="y">LBS1</subfield>
  </datafield>
  <datafield tag="952" ind1=" " ind2=" ">
    <subfield code="0">0</subfield>
    <subfield code="1">0</subfield>
    <subfield code="2">ddc</subfield>
    <subfield code="5">6</subfield>
    <subfield code="7">0</subfield>
    <subfield code="8">DS</subfield>
    <subfield code="a">BNPHU</subfield>
    <subfield code="b">BNPHU</subfield>
    <subfield code="c">HD</subfield>
    <subfield code="d">2021-11-04</subfield>
    <subfield code="e">Dep&#xF3;sito Legal </subfield>
    <subfield code="o">BNPHU DS 630.97293 S211n</subfield>
    <subfield code="p">2021-27815</subfield>
    <subfield code="r">2021-11-04</subfield>
    <subfield code="t">e.3</subfield>
    <subfield code="w">2021-11-04</subfield>
    <subfield code="y">LBS1</subfield>
  </datafield>
  <datafield tag="999" ind1=" " ind2=" ">
    <subfield code="c">49961</subfield>
    <subfield code="d">49961</subfield>
  </datafield>
</record>
